| 000 -LEADER |
| fixed length control field |
02046cam a22003737a 4500 |
| 001 - CONTROL NUMBER |
| control field |
17106882 |
| 003 - CONTROL NUMBER IDENTIFIER |
| control field |
OSt |
| 005 - DATE AND TIME OF LATEST TRANSACTION |
| control field |
20190805112153.0 |
| 008 - FIXED-LENGTH DATA ELEMENTS--GENERAL INFORMATION |
| fixed length control field |
120105s2012 enk b 000 0 eng d |
| 010 ## - LIBRARY OF CONGRESS CONTROL NUMBER |
| LC control number |
2012930324 |
| 020 ## - INTERNATIONAL STANDARD BOOK NUMBER |
| International Standard Book Number |
9780199599684 |
| 020 ## - INTERNATIONAL STANDARD BOOK NUMBER |
| International Standard Book Number |
0199599688 |
| 035 ## - SYSTEM CONTROL NUMBER |
| System control number |
(OCoLC)ocn749871230 |
| 040 ## - CATALOGING SOURCE |
| Original cataloging agency |
BTCTA |
| Language of cataloging |
eng |
| Transcribing agency |
BTCTA |
| Modifying agency |
ITJCU |
| -- |
NLE |
| -- |
VP@ |
| -- |
LE# |
| -- |
DLC |
| 042 ## - AUTHENTICATION CODE |
| Authentication code |
lccopycat |
| 082 04 - DEWEY DECIMAL CLASSIFICATION NUMBER |
| Classification number |
510.9 STE |
| Edition number |
23 |
| 100 1# - MAIN ENTRY--PERSONAL NAME |
| Personal name |
Stedall, Jacqueline A. |
| Relator term |
author |
| 245 14 - TITLE STATEMENT |
| Title |
The history of mathematics : |
| Remainder of title |
a very short introduction / |
| Statement of responsibility, etc. |
Jacqueline Stedall. |
| 260 ## - PUBLICATION, DISTRIBUTION, ETC. |
| Place of publication, distribution, etc. |
Oxford ; |
| -- |
New York : |
| Name of publisher, distributor, etc. |
Oxford University Press, |
| Date of publication, distribution, etc. |
2012. |
| 300 ## - PHYSICAL DESCRIPTION |
| Extent |
xvii, 123 p. ; |
| Dimensions |
18 cm. |
| 490 1# - SERIES STATEMENT |
| Series statement |
A very short introductions ; |
| Volume/sequential designation |
305 |
| 504 ## - BIBLIOGRAPHY, ETC. NOTE |
| Bibliography, etc. note |
Includes bibliographical references (113-116) and index. |
| 505 0# - FORMATTED CONTENTS NOTE |
| Formatted contents note |
1. Mathematics: myth and history; 2. What is mathematics and who is a mathematician?; 3. How are mathematical ideas disseminated?; 4. Learning mathematics; 5. Mathematical livelihoods; 6. Getting inside mathematics; 7. The evolving historiography of mathematics. |
| 520 ## - SUMMARY, ETC. |
| Summary, etc. |
In this Very Short Introduction, Jacqueline Stedall explores the rich historical and cultural diversity of mathematical endeavour from the distant past to the present day, using illustrative case studies drawn from a range of times and places; including early imperial China, the medieval Islamic world, and nineteenth-century Britain-- |
| Assigning source |
Source other than Library of Congress. |
| 650 #0 - SUBJECT ADDED ENTRY--TOPICAL TERM |
| Topical term or geographic name entry element |
Mathematics |
| General subdivision |
History. |
| 830 #0 - SERIES ADDED ENTRY--UNIFORM TITLE |
| Uniform title |
Very short introductions. |
| 856 42 - ELECTRONIC LOCATION AND ACCESS |
| Materials specified |
Contributor biographical information |
| Uniform Resource Identifier |
<a href="http://www.loc.gov/catdir/enhancements/fy1211/2012930324-b.html">http://www.loc.gov/catdir/enhancements/fy1211/2012930324-b.html</a> |
| 856 42 - ELECTRONIC LOCATION AND ACCESS |
| Materials specified |
Publisher description |
| Uniform Resource Identifier |
<a href="http://www.loc.gov/catdir/enhancements/fy1211/2012930324-d.html">http://www.loc.gov/catdir/enhancements/fy1211/2012930324-d.html</a> |
| 856 41 - ELECTRONIC LOCATION AND ACCESS |
| Materials specified |
Table of contents only |
| Uniform Resource Identifier |
<a href="http://www.loc.gov/catdir/enhancements/fy1211/2012930324-t.html">http://www.loc.gov/catdir/enhancements/fy1211/2012930324-t.html</a> |
| 906 ## - LOCAL DATA ELEMENT F, LDF (RLIN) |
| a |
7 |
| b |
cbc |
| c |
copycat |
| d |
2 |
| e |
ncip |
| f |
20 |
| g |
y-gencatlg |
| 942 ## - ADDED ENTRY ELEMENTS (KOHA) |
| Source of classification or shelving scheme |
|
| Koha item type |
Books - Non Ficton |